| 000 | 00521nam a2200181Ia 4500 | ||
|---|---|---|---|
| 003 | SGT | ||
| 020 | _a9788181471895 | ||
| 082 |
_a4.35 _bCUL |
||
| 100 | _aCuller,D.E | ||
| 245 | _aParallel Computer Architecture | ||
| 260 |
_bMargan Kaufmann Publishers _aN. Delhi _c2004 |
||
| 300 | _a1025p. | ||
| 650 | _aCOMPUTER SCIENCE | ||
| 653 | _aINTRODUCTION,PARALLEL PROGRAMS,PROGRAMMING FOR PERFORMANCE,WORKLOAD DRIVEN EVALUATION,SHARED MEMORY MULTIPROCESSORS | ||
| 700 | _aGupta,A | ||
| 700 | _aSingh,J.P | ||
| 942 |
_2ddc _cBK |
||
| 999 |
_c5089 _d5089 |
||